header

MIDAS technical analysis (Record no. 119773)

MARC details
000 -LEADER
fixed length control field 01331nam a2200349Ia 4500
100 1# - MAIN ENTRY--AUTHOR NAME
Personal name Coles, Andrew.
245 10 - TITLE STATEMENT
Title MIDAS technical analysis
260 ## - PUBLICATION, DISTRIBUTION, ETC. (IMPRINT)
Place of publication Hoboken, N.J. :
Name of publisher Bloomberg Press,
Year of publication 2011.
300 ## - PHYSICAL DESCRIPTION
Number of Pages xxi, 440 p.
490 1# - SERIES STATEMENT
Series statement Financial series
500 ## - GENERAL NOTE
General note Includes index.
650 #0 - SUBJECT ADDED ENTRY--TOPICAL TERM
Topical Term Investments
Topical Term Investment analysis.
700 1# - ADDED ENTRY--PERSONAL NAME
Personal name Hawkins, David
Personal name Levine, Paul H.,
856 40 - ELECTRONIC LOCATION AND ACCESS
Uniform Resource Identifier http://site.ebrary.com/lib/rucke/Doc?id=10510574

No items available.

© 2026 Rongo University
Contact us: librarian | system librarian | Rongo university